000 00479nam a2200157Ia 4500
008 180910s9999 xx 000 0 und d
100 _aThe Leading Voice of Nursing Since 1990.
245 _aAmerican Journal of Nursing /
245 _cThe Leading Voice of Nursing Since 1990
260 _bWolters Kluwer
260 _c2017
300 _apasges 7-72, August 2017
440 _aAmerican Journal of Nursing
_v117:8
650 _aNursing -- research.
650 _aPeriodicals.
999 _c358739
_d358739